000 01369nam a22002897a 4500
003 OSt
005 20240311112321.0
008 2020b ||||| |||| 00| 0 spa d
020 _a9789945092486
040 _aDO-SdBNP
_bspa
_cBNPHU
082 4 _a371.19206
_bA837u
_222
110 2 _aAsociación Dominicana de Profesores
_977682
245 1 0 _aUnidad en la diversidad :
_b50 años de historia de la Asociaciòn Dominicana de Profesores, ADP /
_c editor Enrique De León ; transcripción Victoria Richardson Castillo ; fotografía Romel Cuevas
246 _aCincuenta años de historia de la Asociaciòn Dominicana de Profesores
260 _aSanto Domingo :
_bAsociaciòn Dominicana de Profesores,
_c2020
300 _a283 p. :
_bil. ;
_c26 cm
590 _aInventariado, 2021 / DG
610 2 4 _2 Asociación Dominicana de Profesores
_x Historia
_y1970-2020
_978194
650 4 _aMaestros
_zRepública Dominicana
_x Historia
_y1970-2020
_978195
650 4 _a Sindicatos de maestros
_z República Dominicana
_x Historia
_y 1970-2020
_978196
650 4 _2Política educativa
_zRepública Dominicana
_xHistoria
_y1970-2020
_978197
700 1 _aLeòn, Enrique, de
_eeditor
_92049
700 1 _aRichardson Castillo, Victoria
_977719
700 1 _aCuevas, Romel
_efotografìa
_976787
910 _aInventariado, 2021 / DG /Validado. Control de calidad MFF
942 _2ddc
_cLBS1
999 _c49440
_d49440